[Event "European Youth Chess Championship B12"]
[Site "Prague, Top Hotel Prague"]
[Date "2016.08.20"]
[Round "3.72"]
[White "Gogna, Aman"]
[Black "Rudolf, Jun"]
[Result "0-1"]
[WhiteElo "1412"]
[BlackElo "1621"]
[PlyCount "87"]
[EventDate "2016.08.18"]

1. d4 Nf6 2. Nf3 g6 3. c4 Bg7 4. g3 O-O 5. Bg2 d6 6. O-O Nc6 7. d5 Nb8 8. Nc3
Nbd7 9. Qc2 a6 10. Rd1 Nc5 11. Nd2 Ne8 12. Rb1 Rb8 13. b4 Nd7 14. a4 e5 15. Ba3
f5 16. e4 fxe4 17. Ncxe4 Ndf6 18. f3 Nxe4 19. Nxe4 Nf6 20. b5 Nxe4 21. fxe4 Bg4
22. Rf1 b6 23. Rxf8+ Qxf8 24. Rf1 Qe7 25. Bf3 Bd7 26. Be2 a5 27. Bc1 Bf6 28.
Bd3 Bg5 29. Bb2 Bh6 30. Re1 Rf8 31. Qe2 Qf6 32. Bc1 Bxc1 33. Rxc1 Qg5 34. Re1
Qf6 35. Rc1 Kg7 36. Re1 h6 37. Rc1 g5 38. Ra1 Kg6 39. Rc1 h5 40. Re1 Qf3 41.
Qd2 h4 42. gxh4 Rf4 43. h5+ Kh6 44. Qxf4 0-1

[Event "European Youth Chess Championship B12"]
[Site "Prague, Top Hotel Prague"]
[Date "2016.08.20"]
[Round "3.73"]
[White "Cuttoli, Alexandre"]
[Black "Petrek, David"]
[Result "1-0"]
[WhiteElo "1618"]
[BlackElo "1463"]
[PlyCount "57"]
[EventDate "2016.08.18"]

1. e4 e5 2. Nf3 Nc6 3. Bc4 Nf6 4. d4 exd4 5. O-O Nxe4 6. Re1 d5 7. Bxd5 Qxd5 8.
Nc3 Qa5 9. Nxe4 Be6 10. Neg5 O-O-O 11. Nxe6 fxe6 12. Rxe6 Qd5 13. Qe2 Bc5 14.
Bf4 Rhf8 15. Bg5 Rd6 16. Re8+ Rxe8 17. Qxe8+ Nd8 18. Re1 Qf7 19. Qa4 Ne6 20.
Ne5 Qf8 21. b4 Bb6 22. Bh4 g5 23. Bg3 Nf4 24. Bxf4 gxf4 25. Nc4 Rd8 26. a3 Kb8
27. Ne5 Qe8 28. Nd7+ Qxd7 29. Qxd7 1-0

[Event "European Youth Chess Championship B12"]
[Site "Prague, Top Hotel Prague"]
[Date "2016.08.20"]
[Round "3.74"]
[White "Kien, Clovis"]
[Black "Nesse, David"]
[Result "1-0"]
[WhiteElo "1336"]
[BlackElo "1602"]
[PlyCount "71"]
[EventDate "2016.08.18"]

1. e4 c5 2. Nf3 Nc6 3. Nc3 d6 4. Bb5 Bd7 5. O-O Nf6 6. Re1 e6 7. d4 cxd4 8.
Nxd4 Be7 9. Be3 O-O 10. f4 Qc7 11. Nf3 a6 12. Bf1 Rac8 13. h3 Na5 14. e5 dxe5
15. Nxe5 Bb4 16. Bd2 Rfd8 17. Kh1 Bxc3 18. Bxc3 Bb5 19. Qf3 Bxf1 20. Rxf1 Nd5
21. Bxa5 Qxa5 22. c4 f6 23. cxd5 fxe5 24. dxe6 exf4 25. Qxf4 Qc7 26. Qf7+ Qxf7
27. Rxf7 b5 28. Raf1 Rf8 29. Rxf8+ Rxf8 30. Rd1 Ra8 31. g4 Kf8 32. Kg2 Ra7 33.
Re1 Ke8 34. Kf3 Ke7 35. Re4 g5 36. Re5 {not readable} 1-0

[Event "European Youth Chess Championship B12"]
[Site "Prague, Top Hotel Prague"]
[Date "2016.08.20"]
[Round "3.75"]
[White "Lamblin, Alexandre"]
[Black "Stastny, Jakub"]
[Result "1/2-1/2"]
[WhiteElo "1594"]
[BlackElo "1376"]
[PlyCount "58"]
[EventDate "2016.08.18"]

1. d4 Nf6 2. c4 e6 3. Nf3 d5 4. Nc3 Nbd7 5. Bg5 Bd6 6. e3 c6 7. Bd3 O-O 8. O-O
b6 9. Qc2 Qc7 10. Rac1 Re8 11. cxd5 exd5 12. Nb5 cxb5 13. Qxc7 Bxc7 14. Rxc7 a6
15. Rfc1 Ne4 16. Bxe4 dxe4 17. Nd2 Nf8 18. R7c2 Bb7 19. Kf1 Ne6 20. Bh4 f5 21.
h3 Rf8 22. Ke2 f4 23. Be7 Rf7 24. Bd6 fxe3 25. fxe3 Rd8 26. Bg3 Rf6 27. Bh4 g5
28. Bg3 h5 29. Rf1 Rdf8 1/2-1/2

[Event "European Youth Chess Championship B12"]
[Site "Prague, Top Hotel Prague"]
[Date "2016.08.20"]
[Round "3.76"]
[White "De, Cocq Ramin"]
[Black "Berezovsky, Jonathan"]
[Result "1-0"]
[WhiteElo "1588"]
[BlackElo "1164"]
[PlyCount "43"]
[EventDate "2016.08.18"]

1. d4 d5 2. c4 c6 3. Nc3 Nf6 4. Nf3 e6 5. e3 Be7 6. Bd3 Qc7 7. Qc2 Nbd7 8. Bd2
e5 9. cxd5 Nxd5 10. Nxd5 Qd6 11. Nxe7 Qxe7 12. dxe5 Nxe5 13. Nxe5 Qxe5 14. Bc3
Qc7 15. Bxh7 f6 16. Bg6+ Ke7 17. Bb4+ Kd8 18. O-O-O+ Bd7 19. Rxd7+ Kxd7 20.
Qf5+ Kd8 21. Rd1+ Qd7 22. Qxd7# 1-0

[Event "European Youth Chess Championship B12"]
[Site "Prague, Top Hotel Prague"]
[Date "2016.08.20"]
[Round "3.77"]
[White "Jirousek, Jan"]
[Black "Spada, Dario"]
[Result "1-0"]
[WhiteElo "1581"]
[BlackElo "1132"]
[PlyCount "77"]
[EventDate "2016.08.18"]

1. d4 d5 2. c4 e6 3. Nc3 Nf6 4. Bg5 Be7 5. Nf3 Nbd7 6. cxd5 exd5 7. e3 c6 8.
Bd3 O-O 9. O-O Re8 10. Qc2 h6 11. Bxf6 Nxf6 12. Rab1 Bg4 13. Ne5 Be6 14. b4 Bd6
15. Nf3 Qc7 16. h3 Rac8 17. a4 Red8 18. Rfd1 a6 19. a5 Qe7 20. Qb2 Rb8 21. Na4
Nd7 22. Nc5 Nxc5 23. bxc5 Bc7 24. Qa2 f5 25. Rb2 Rd7 26. Rdb1 Bd8 27. Ne5 Rc7
28. Bxa6 g5 29. Rb6 Bd7 30. Rxb7 Rbxb7 31. Rxb7 Rxb7 32. Bxb7 Qe6 33. a6 Bc8
34. Bxc8 Qxc8 35. a7 Qa8 36. Nxc6 Bc7 37. Ne7+ Kf7 38. Nxd5 Bd8 39. Nb6+ 1-0

[Event "European Youth Chess Championship B12"]
[Site "Prague, Top Hotel Prague"]
[Date "2016.08.20"]
[Round "3.78"]
[White "Winkin, Jos"]
[Black "Keprt, Tomas"]
[Result "1/2-1/2"]
[WhiteElo "1247"]
[BlackElo "1567"]
[PlyCount "84"]
[EventDate "2016.08.18"]

1. e4 c5 2. d4 cxd4 3. Nf3 d6 4. Nxd4 Nf6 5. Bd3 Nc6 6. Nxc6 bxc6 7. O-O g6 8.
Nc3 Bg7 9. Bg5 O-O 10. h3 Rb8 11. Rb1 Be6 12. a3 Qc7 13. Qc1 Rfd8 14. Rd1 Qb7
15. Bh6 Bh8 16. f4 Bg7 17. f5 Bc8 18. Bc4 d5 19. exd5 Nxd5 20. Qg5 Bxh6 21.
Qxh6 Bxf5 22. Qd2 Nxc3 23. Qxc3 Qb6+ 24. Kh1 Rxd1+ 25. Rxd1 Rd8 26. Re1 e6 27.
Bb3 Rd4 28. Qf3 e5 29. Rxe5 Qc7 30. Re1 Qd7 31. g4 Be6 32. Bxe6 fxe6 33. Qf6
Rd1 34. Rxd1 Qxd1+ 35. Kg2 Qxc2+ 36. Kg3 Qd3+ 37. Kh4 Qd5 38. Qe7 a6 39. Qe8+
Kg7 40. Qe7+ Kg8 41. Qe8+ Kg7 42. Qe7+ Kg8 1/2-1/2

[Event "European Youth Chess Championship B12"]
[Site "Prague, Top Hotel Prague"]
[Date "2016.08.21"]
[Round "4.1"]
[White "Bjerre, Jonas"]
[Black "Uzumcu, Ahmet Utku"]
[Result "1-0"]
[WhiteElo "2382"]
[BlackElo "2047"]
[PlyCount "105"]
[EventDate "2016.08.18"]

1. e4 c5 2. Nf3 d6 3. d4 cxd4 4. Nxd4 Nf6 5. Nc3 a6 6. Bg5 Nbd7 7. Qe2 b5 8.
O-O-O Bb7 9. f4 b4 10. Nd5 Nc5 11. Bxf6 gxf6 12. f5 Qa5 13. Kb1 Rc8 14. Qf3 Nd7
15. Nb3 Qa4 16. Rd4 Bxd5 17. Rxd5 Ne5 18. Qe2 Bh6 19. Qxa6 Qxa6 20. Bxa6 Rb8
21. Rb5 O-O 22. Rxb8 Rxb8 23. Rd1 Ng4 24. h3 Ne3 25. Rg1 d5 26. Bd3 Bf4 27.
exd5 Nxd5 28. Re1 Be5 29. Be4 Nb6 30. Nc5 Bd6 31. Nd3 Rc8 32. Bf3 Nc4 33. Bb7
Rd8 34. Kc1 Ne5 35. Nf2 Bc5 36. Ne4 Bd4 37. Nd2 Bxb2+ 38. Kxb2 Rxd2 39. Kb3 Kf8
40. Re4 Rxg2 41. Rxb4 Rg3+ 42. Kb2 Nd7 43. a4 Re3 44. Re4 Rxh3 45. a5 Rh5 46.
a6 Rxf5 47. Rd4 Rb5+ 48. Kc3 Nb6 49. Rb4 Rc5+ 50. Kb3 Nc8 51. Bxc8 Rxc8 52. a7
Kg7 53. Rb8 1-0

[Event "European Youth Chess Championship B12"]
[Site "Prague, Top Hotel Prague"]
[Date "2016.08.21"]
[Round "4.2"]
[White "Gharibyan, Mamikon"]
[Black "Ozenir, Ekin Baris"]
[Result "1-0"]
[WhiteElo "2194"]
[BlackElo "2030"]
[PlyCount "101"]
[EventDate "2016.08.18"]

1. d4 Nf6 2. c4 e6 3. Nc3 Bb4 4. Qc2 O-O 5. a3 Bxc3+ 6. Qxc3 b6 7. Bg5 Bb7 8.
e3 d6 9. Ne2 Nbd7 10. Qc2 h6 11. Bh4 c5 12. Rd1 Qe7 13. Nc3 cxd4 14. Rxd4 Rfd8
15. f3 Ne5 16. Be2 Ng6 17. Bf2 Rac8 18. O-O d5 19. Rfd1 dxc4 20. Rxd8+ Rxd8 21.
Rxd8+ Qxd8 22. Bxc4 Qc8 23. Bb3 Ne5 24. Nb5 Qxc2 25. Bxc2 a6 26. Nd6 Bc6 27.
Nc8 Bb7 28. Nxb6 Nd5 29. Nxd5 exd5 30. b3 Kf8 31. Bg3 f6 32. Kf2 Ke7 33. Ke2
Kd6 34. Kd2 Kc5 35. Kc3 a5 36. b4+ axb4+ 37. axb4+ Kb5 38. Bd1 Nc6 39. Be2+ Kb6
40. Bd6 Nd8 41. b5 Ne6 42. Kb4 Bc8 43. Bd3 Nd8 44. Be7 Nf7 45. Bc5+ Kb7 46. f4
g5 47. Bg6 Nh8 48. Be8 Be6 49. Be7 gxf4 50. exf4 f5 51. Kc5 1-0

[Event "European Youth Chess Championship B12"]
[Site "Prague, Top Hotel Prague"]
[Date "2016.08.21"]
[Round "4.3"]
[White "Ognean, Mihnea-Ionut"]
[Black "Gines, Esteo Pedro Antonio"]
[Result "1-0"]
[WhiteElo "2037"]
[BlackElo "2194"]
[PlyCount "63"]
[EventDate "2016.08.18"]

1. e4 c6 2. c4 d5 3. exd5 cxd5 4. cxd5 Nf6 5. Nc3 g6 6. Nf3 Bg7 7. Bc4 O-O 8.
Qb3 Nbd7 9. O-O Ne8 10. d3 Nd6 11. a4 Nc5 12. Qa3 b6 13. Be3 Bg4 14. Nd4 Bxd4
15. Bxd4 Nf5 16. Bxc5 bxc5 17. h3 Bh5 18. g4 Nh4 19. Qxc5 Kh8 20. gxh5 gxh5 21.
Qd4+ e5 22. Qxe5+ f6 23. Qxh5 Rg8+ 24. Kh1 Ng6 25. Rg1 Qd7 26. Qg4 Qd6 27. Ne4
Qe5 28. Qe6 Qh5 29. Rg3 Qe2 30. Re3 Qc2 31. Qxf6+ Rg7 32. Qc3 1-0

[Event "European Youth Chess Championship B12"]
[Site "Prague, Top Hotel Prague"]
[Date "2016.08.21"]
[Round "4.4"]
[White "Suleymanli, Aydin"]
[Black "Kacharava, Nikolozi"]
[Result "1-0"]
[WhiteElo "2145"]
[BlackElo "2024"]
[PlyCount "111"]
[EventDate "2016.08.18"]

1. d4 Nf6 2. Nf3 e6 3. c4 c5 4. e3 cxd4 5. exd4 d5 6. Nc3 Nc6 7. a3 Be7 8. Bd3
O-O 9. O-O dxc4 10. Bxc4 a6 11. Bg5 Bd7 12. Qd3 h6 13. Bf4 b5 14. Ba2 b4 15.
Ne4 Nxe4 16. Qxe4 Qb6 17. Ne5 Nxe5 18. Bxe5 b3 19. Bb1 f5 20. Qe3 Bc6 21. Bd3
Bd5 22. Rac1 Rfc8 23. Qg3 Bf8 24. Qg6 Rc6 25. g4 Rac8 26. Rxc6 Rxc6 27. gxf5
exf5 28. Qxf5 Qd8 29. f4 g6 30. Qg4 h5 31. Qg3 Qd7 32. f5 Bh6 33. Re1 g5 34. h3
Bf7 35. Qf3 Rb6 36. Qa8+ Bf8 37. Qg2 Bh6 38. Qf3 Qd5 39. Be4 Qc4 40. f6 Qc8 41.
Bf5 Qc6 42. Qe3 Qe8 43. h4 Bg6 44. d5 Rb5 45. Be6+ Kh7 46. hxg5 Bf8 47. Qf3
Bc5+ 48. Kh2 Rb7 49. Rf1 Qa4 50. Bg3 Qd4 51. Qe2 Bxa3 52. Qxa6 Ra7 53. Qc8 Qd2+
54. Rf2 Qxg5 55. Qg8+ Kh6 56. bxa3 1-0

[Event "European Youth Chess Championship B12"]
[Site "Prague, Top Hotel Prague"]
[Date "2016.08.21"]
[Round "4.5"]
[White "Larkin, Vladislav"]
[Black "Oglaza, Oskar"]
[Result "1-0"]
[WhiteElo "1932"]
[BlackElo "2128"]
[PlyCount "79"]
[EventDate "2016.08.18"]

1. d4 Nf6 2. Nf3 g6 3. Bf4 Bg7 4. e3 O-O 5. h3 d6 6. Bc4 c5 7. c3 b6 8. O-O Bb7
9. Nbd2 Nbd7 10. Qe2 a6 11. a4 Nh5 12. Bh2 cxd4 13. exd4 Bh6 14. Rfe1 Re8 15.
Bb3 Nf4 16. Bxf4 Bxf4 17. Ne4 d5 18. Ned2 e6 19. g3 Bd6 20. h4 Qc7 21. Qd3 Rad8
22. h5 Kg7 23. Ng5 e5 24. h6+ Kg8 25. Qf3 Rf8 26. Bxd5 Bxd5 27. Qxd5 exd4 28.
Qxd4 Ne5 29. Ndf3 Nxf3+ 30. Nxf3 f6 31. Qg4 Bc5 32. Rad1 Kh8 33. b4 Bd6 34. Rd3
f5 35. Qd4+ Kg8 36. Qd5+ Kh8 37. Ng5 Be7 38. Nf7+ Rxf7 39. Qxf7 Rxd3 40. Qg7#
1-0

[Event "European Youth Chess Championship B12"]
[Site "Prague, Top Hotel Prague"]
[Date "2016.08.21"]
[Round "4.6"]
[White "Carbonell, Sancho Marc"]
[Black "Mitev, Valentin"]
[Result "0-1"]
[WhiteElo "1857"]
[BlackElo "2119"]
[PlyCount "74"]
[EventDate "2016.08.18"]

1. e4 c5 2. Nf3 d6 3. d4 Nf6 4. Nc3 cxd4 5. Nxd4 Nc6 6. Bg5 Bd7 7. Qd2 Rc8 8.
Bxf6 gxf6 9. O-O-O Nxd4 10. Qxd4 Qa5 11. Kb1 Bg7 12. f4 O-O 13. f5 Qc5 14. Qxc5
Rxc5 15. Nd5 Re8 16. Be2 Kf8 17. c3 e6 18. fxe6 fxe6 19. Nf4 Ke7 20. Nd3 Rg5
21. Bf3 Bh6 22. Rhe1 Bb5 23. Nb4 a5 24. Nc2 Reg8 25. Nd4 Be8 26. g4 Bf8 27. Kc2
Rxg4 28. Bxg4 Rxg4 29. c4 Bg6 30. Nf5+ Kd7 31. Ng3 h5 32. Kd3 h4 33. Nf1 Bh6
34. Nd2 f5 35. exf5 Bxf5+ 36. Kc3 b5 37. Rc1 b4+ 0-1

[Event "European Youth Chess Championship B12"]
[Site "Prague, Top Hotel Prague"]
[Date "2016.08.21"]
[Round "4.7"]
[White "Ahmadzada, Ahmad"]
[Black "Pedoson, Georg Aleksander"]
[Result "0-1"]
[WhiteElo "2113"]
[BlackElo "1944"]
[PlyCount "64"]
[EventDate "2016.08.18"]

1. e4 c6 2. d4 d5 3. e5 Bf5 4. Be3 e6 5. Nd2 c5 6. dxc5 d4 7. Bb5+ Nc6 8. Bxc6+
bxc6 9. Bf4 Bxc5 10. Ngf3 d3 11. Nb3 Bb6 12. c3 Ne7 13. O-O O-O 14. Nbd2 Qd5
15. Qa4 Rad8 16. Bg3 Ng6 17. Nc4 Bc5 18. Nfd2 h5 19. h3 f6 20. Ne3 Bxe3 21.
fxe3 h4 22. Be1 Qxe5 23. e4 Bxh3 24. Nf3 Qc5+ 25. Bf2 Qh5 26. Be3 Bg4 27. Nd4
h3 28. g3 h2+ 29. Kf2 Ne5 30. Rh1 c5 31. Nb3 d2 32. Bxd2 Nd3+ 0-1

[Event "European Youth Chess Championship B12"]
[Site "Prague, Top Hotel Prague"]
[Date "2016.08.21"]
[Round "4.8"]
[White "Nguyen, Alex Dac-Vuong"]
[Black "Coca, Cristi-Iulian"]
[Result "1-0"]
[WhiteElo "2069"]
[BlackElo "1929"]
[PlyCount "61"]
[EventDate "2016.08.18"]

1. e4 c5 2. Nf3 e6 3. c3 d5 4. e5 c4 5. b3 b5 6. a4 bxa4 7. bxc4 Bd7 8. cxd5
exd5 9. d4 Qc7 10. Bd3 Ne7 11. Ba3 Nc8 12. Bxf8 Kxf8 13. Qd2 Nb6 14. Na3 a6 15.
O-O Nc6 16. c4 Ne7 17. Rfc1 Qd8 18. Rab1 Nbc8 19. cxd5 Nxd5 20. Be4 Nce7 21.
Rc5 Be6 22. Ng5 Kg8 23. Nc4 Rb8 24. Rc1 g6 25. Nxe6 fxe6 26. Nd6 Kg7 27. Qg5
Qd7 28. Rc7 h6 29. Rxd7 hxg5 30. Bxd5 exd5 31. Rxe7+ 1-0

[Event "European Youth Chess Championship B12"]
[Site "Prague, Top Hotel Prague"]
[Date "2016.08.21"]
[Round "4.9"]
[White "Sargsyan, Sargis Vach"]
[Black "Trifan, Andrei Ioan"]
[Result "1/2-1/2"]
[WhiteElo "1912"]
[BlackElo "2069"]
[PlyCount "66"]
[EventDate "2016.08.18"]

1. d4 d5 2. c4 e6 3. Nc3 c5 4. cxd5 cxd4 5. Qa4+ Bd7 6. Qxd4 exd5 7. Qxd5 Nc6
8. Nf3 Nf6 9. Qd1 Bc5 10. a3 Qe7 11. Bg5 O-O-O 12. Qc2 Rhe8 13. e3 Bg4 14. Be2
h6 15. Bh4 g5 16. Bg3 Nh5 17. b4 Nxg3 18. hxg3 Bxe3 19. fxe3 Qxe3 20. Nd1 Qe6
21. b5 Bxf3 22. gxf3 Qe5 23. Rb1 g4 24. f4 Qd5 25. Rh2 Qf3 26. Rf2 Qxg3 27.
bxc6 Qg1+ 28. Rf1 Qg3+ 29. Rf2 Qg1+ 30. Rf1 Qg3+ 31. Rf2 Qg1+ 32. Rf1 Qg3+ 33.
Rf2 Qg1+ 1/2-1/2

[Event "European Youth Chess Championship B12"]
[Site "Prague, Top Hotel Prague"]
[Date "2016.08.21"]
[Round "4.10"]
[White "Solomon, Asif"]
[Black "Ceres, Dragos"]
[Result "0-1"]
[WhiteElo "2057"]
[BlackElo "1904"]
[PlyCount "132"]
[EventDate "2016.08.18"]

1. d4 Nf6 2. c4 e5 3. dxe5 Ng4 4. e3 Nxe5 5. Nh3 d6 6. Nf4 g6 7. Nc3 Bg7 8. Be2
O-O 9. O-O Nbd7 10. Bd2 Nf6 11. Rc1 c6 12. Na4 Re8 13. Qc2 Bf5 14. Qb3 Qc7 15.
Rfd1 Rad8 16. Bb4 Rd7 17. Bf1 Red8 18. Qa3 Bf8 19. h3 a5 20. Bc3 Ne4 21. Bd4
Nc5 22. Nc3 b6 23. Ncd5 cxd5 24. Nxd5 Qc6 25. Nf6+ Kg7 26. Nxd7 Ncxd7 27. f4 f6
28. Qc3 Nf7 29. Bd3 Bxd3 30. Rxd3 Qe4 31. Rcd1 Rc8 32. Qb3 Qc6 33. Rc3 Nd8 34.
Qc2 Ne6 35. f5 Ng5 36. fxg6 hxg6 37. e4 Qxe4 38. Qf2 Qf5 39. Qh4 Nh7 40. Rf3
Qh5 41. Qf4 Re8 42. Rdf1 Qg5 43. Qxg5 Nxg5 44. Rxf6 Nxf6 45. Bxf6+ Kh6 46. Rf4
Kh5 47. Rg4 Bh6 48. Kh2 Re2 49. a3 a4 50. Kg1 Re1+ 51. Kh2 Re8 52. Kh1 Re2 53.
g3 Re1+ 54. Kg2 Rg1+ 55. Kxg1 Nxh3+ 56. Kg2 Kxg4 57. Be7 Bg7 58. Bxd6 Bxb2 59.
Bc7 Bd4 60. Kf1 Kf3 61. Ke1 Ke3 62. Kf1 Kd3 63. Kg2 Ng5 64. Bd8 Ne6 65. Be7
Kxc4 66. Kf3 Bc5 0-1

[Event "European Youth Chess Championship B12"]
[Site "Prague, Top Hotel Prague"]
[Date "2016.08.21"]
[Round "4.11"]
[White "Spyropoulos, Nikolaos"]
[Black "Biletskiy, Danylo"]
[Result "0-1"]
[WhiteElo "2045"]
[BlackElo "1796"]
[PlyCount "90"]
[EventDate "2016.08.18"]

1. e4 c5 2. Nf3 Nc6 3. d4 cxd4 4. Nxd4 g6 5. c4 Bg7 6. Be3 d6 7. Nc3 Nf6 8. Be2
Bd7 9. O-O O-O 10. f3 Qb6 11. Kh1 Ng4 12. fxg4 Nxd4 13. Nd5 Qxb2 14. Rb1 Qxe2
15. Nxe7+ Kh8 16. Bxd4 Qxd1 17. Rbxd1 Bxg4 18. Bxg7+ Kxg7 19. Rd4 Be6 20. Nd5
Bxd5 21. Rxd5 Rad8 22. Rfd1 Rc8 23. R1d4 Rc6 24. Rb5 b6 25. Kg1 Rfc8 26. Rb4
Kf6 27. Kf2 Ke5 28. Ke3 Rc5 29. Kd3 Ke6 30. Ke3 Re5 31. Kd3 Rh5 32. h3 Rg5 33.
g4 h5 34. Rd5 Rc5 35. Ke3 hxg4 36. Kf4 Rh5 37. Kxg4 f6 38. h4 Rhxd5 39. cxd5+
Ke5 40. h5 gxh5+ 41. Kxh5 f5 42. exf5 Kxf5 43. Ra4 Ra5 44. Rc4 Rxa2 45. Kh6 Ke5
0-1

[Event "European Youth Chess Championship B12"]
[Site "Prague, Top Hotel Prague"]
[Date "2016.08.21"]
[Round "4.12"]
[White "Sarginalp, Tuna"]
[Black "Kochavi, Ori"]
[Result "0-1"]
[WhiteElo "1646"]
[BlackElo "2038"]
[PlyCount "170"]
[EventDate "2016.08.18"]

1. e4 c5 2. Nf3 e6 3. d4 cxd4 4. Nxd4 a6 5. g3 Qc7 6. Bg2 Nf6 7. O-O Be7 8. Qe2
d6 9. c4 Nc6 10. Be3 Bd7 11. Nd2 h5 12. Nxc6 bxc6 13. f4 e5 14. c5 d5 15. exd5
cxd5 16. fxe5 Qxe5 17. Nc4 dxc4 18. Bxa8 O-O 19. Bg2 Bxc5 20. Rae1 Re8 21. Bxc5
Qxe2 22. Rxe2 Rxe2 23. Bd4 Be6 24. Bf3 Rd2 25. Bc3 Rd6 26. Bxf6 gxf6 27. Bxh5
Rd5 28. Bf3 Ra5 29. a3 Rb5 30. Rf2 a5 31. Kf1 c3 32. bxc3 Rb3 33. a4 Rxc3 34.
Be2 Rc1+ 35. Kg2 Bd5+ 36. Kh3 Rc2 37. Kg4 Ra2 38. Kf4 Rxa4+ 39. Ke3 Kg7 40. Rf5
Be6 41. Rc5 Ra3+ 42. Kd4 Ra2 43. Bc4 Rc2 44. Bxe6 Rxc5 45. Kxc5 fxe6 46. Kb5
Kg6 47. Kxa5 Kg5 48. Kb5 Kg4 49. h4 e5 50. Kc4 f5 51. Kd3 Kf3 52. h5 e4+ 53.
Kc4 e3 54. h6 e2 55. h7 e1=Q 56. h8=Q Qe2+ 57. Kd5 Kxg3 58. Qg7+ Qg4 59. Qe5+
Qf4 60. Qe1+ Kg4 61. Qg1+ Qg3 62. Qd4+ f4 63. Qg7+ Kh3 64. Qh7+ Kg2 65. Qc2+
Kg1 66. Qb1+ Kh2 67. Qh7+ Qh3 68. Qc7 Qd3+ 69. Ke6 Qe4+ 70. Kf6 Kg2 71. Qg7+
Kf2 72. Qa7+ Qe3 73. Qa2+ Qe2 74. Qa7+ Kg3 75. Qg7+ Qg4 76. Qc7 Qh4+ 77. Kf5
Qh5+ 78. Ke4 Qe2+ 79. Kf5 Qd3+ 80. Kg5 Qd5+ 81. Kf6 Qd4+ 82. Kg6 Kg2 83. Qc2+
Qf2 84. Qe4+ f3 85. Kh5 Qg3 0-1

[Event "European Youth Chess Championship B12"]
[Site "Prague, Top Hotel Prague"]
[Date "2016.08.21"]
[Round "4.13"]
[White "Czopor, Maciej"]
[Black "Vantuch, Lucian"]
[Result "1-0"]
[WhiteElo "2025"]
[BlackElo "1796"]
[PlyCount "73"]
[EventDate "2016.08.18"]

1. e4 c5 2. Nf3 Nc6 3. d4 cxd4 4. Nxd4 g6 5. c4 Bg7 6. Be3 d6 7. Nc3 Nf6 8. Be2
Bd7 9. O-O O-O 10. Qd2 a5 11. b3 Nxd4 12. Bxd4 Bc6 13. f3 Nh5 14. Be3 f5 15.
exf5 gxf5 16. Rad1 f4 17. Bd4 e5 18. Bf2 Qg5 19. Nd5 Bd7 20. Kh1 Rae8 21. Bd3
Re6 22. g4 e4 23. Bxe4 Rxe4 24. gxh5 Re6 25. Bd4 Qxh5 26. Qg2 Qg6 27. Qf2 Rf7
28. Rg1 Qf5 29. Rg4 Rg6 30. Rxf4 Bxd4 31. Rfxd4 Rfg7 32. Re1 Qg5 33. Rde4 Qg2+
34. Qxg2 Rxg2 35. Nf6+ Kh8 36. Nxd7 Rxa2 37. Re8+ 1-0

[Event "European Youth Chess Championship B12"]
[Site "Prague, Top Hotel Prague"]
[Date "2016.08.21"]
[Round "4.14"]
[White "Schlegel, Igor"]
[Black "Pogosyan, Stefan"]
[Result "0-1"]
[WhiteElo "1856"]
[BlackElo "2200"]
[PlyCount "64"]
[EventDate "2016.08.18"]

1. e4 c5 2. Nc3 Nc6 3. f4 e6 4. Nf3 Nge7 5. g3 g6 6. e5 d5 7. exd6 Nf5 8. Ne4
b6 9. Ne5 Nxe5 10. fxe5 Bg7 11. d4 Bb7 12. Bb5+ Kf8 13. Bg5 Qb8 14. Qf3 a6 15.
Bd3 Nxd4 16. Be7+ Kg8 17. Qf4 Bxe5 18. Nf6+ Bxf6 19. Bxf6 Bxh1 20. O-O-O Bc6
21. Rf1 Qf8 22. Be7 Qe8 23. Qf6 Ra7 24. h4 Bf3 25. c3 Be2 26. Bxe2 Nxe2+ 27.
Kd2 Nxg3 28. Rf4 Nf5 29. Rxf5 exf5 30. h5 h6 31. hxg6 fxg6 32. Qe6+ Kh7 0-1

[Event "European Youth Chess Championship B12"]
[Site "Prague, Top Hotel Prague"]
[Date "2016.08.21"]
[Round "4.15"]
[White "Subelj, Jan"]
[Black "Baum, Jonasz"]
[Result "1-0"]
[WhiteElo "2088"]
[BlackElo "1842"]
[PlyCount "63"]
[EventDate "2016.08.18"]

1. e4 c5 2. Nf3 Nc6 3. Bb5 a6 4. Bxc6 dxc6 5. O-O Qc7 6. d3 e5 7. Nbd2 Ne7 8.
a4 a5 9. Nc4 Ng6 10. b3 Be7 11. Re1 O-O 12. Ne3 Bd6 13. Bb2 f6 14. Nf5 Bxf5 15.
exf5 Ne7 16. Nh4 e4 17. Rxe4 Bxh2+ 18. Kh1 Be5 19. Bxe5 fxe5 20. Qg4 Nd5 21.
Qg3 Rae8 22. Rae1 Nf4 23. Qe3 Qe7 24. Qxf4 g5 25. Qg3 Kh8 26. Nf3 Qf6 27. Qxg5
Qxg5 28. Nxg5 Rxf5 29. Nf3 Rh5+ 30. Kg1 Rg8 31. Rxe5 Rh3 32. Re8 1-0

[Event "European Youth Chess Championship B12"]
[Site "Prague, Top Hotel Prague"]
[Date "2016.08.21"]
[Round "4.16"]
[White "Ingebretsen, Jens E"]
[Black "Musyuk, Lior"]
[Result "1/2-1/2"]
[WhiteElo "1841"]
[BlackElo "2087"]
[PlyCount "80"]
[EventDate "2016.08.18"]

1. e4 c5 2. Nf3 Nc6 3. d4 cxd4 4. Nxd4 e5 5. Nb5 d6 6. N1c3 a6 7. Na3 b5 8. Nd5
Nge7 9. c4 Nd4 10. Bd3 Nxd5 11. cxd5 f5 12. exf5 Nxf5 13. O-O Be7 14. Nc2 O-O
15. Ne3 g6 16. a4 Bd7 17. Nxf5 gxf5 18. Bh6 Rf7 19. axb5 axb5 20. Qb3 Rb8 21.
Ra7 Bg5 22. Bxg5 Qxg5 23. Rfa1 e4 24. Ra8 Rff8 25. Rxb8 Rxb8 26. Bf1 Rc8 27.
Qb4 Qf4 28. Qd4 Qg5 29. Ra7 Qe7 30. h3 Rb8 31. Be2 Qf8 32. Ra3 Be8 33. Ra7 Bd7
34. Ra3 Be8 35. Rg3+ Bg6 36. Bh5 Kf7 37. Qa7+ Kf6 38. Qd4+ Kf7 39. Qa7+ Kf6 40.
Qd4+ Kf7 1/2-1/2

[Event "European Youth Chess Championship B12"]
[Site "Prague, Top Hotel Prague"]
[Date "2016.08.21"]
[Round "4.17"]
[White "Van, Dael Siem"]
[Black "Redzisz, Michal"]
[Result "1-0"]
[WhiteElo "2082"]
[BlackElo "1834"]
[PlyCount "85"]
[EventDate "2016.08.18"]

1. e4 c5 2. Nf3 Nc6 3. d4 cxd4 4. Nxd4 g6 5. c4 Bg7 6. Be3 Nf6 7. Nc3 O-O 8.
Be2 Re8 9. Qd2 d6 10. f3 Nxd4 11. Bxd4 Nd7 12. Be3 Nc5 13. O-O a5 14. Rfd1 b6
15. b3 Bb7 16. Rab1 Be5 17. a3 e6 18. Bf1 Qh4 19. g3 Qf6 20. Nb5 Qe7 21. Bg2
Red8 22. Qc2 Bg7 23. b4 axb4 24. axb4 Na4 25. Bd4 d5 26. Bxg7 Kxg7 27. cxd5
exd5 28. exd5 Rdc8 29. Qe4 Qd7 30. Qe5+ f6 31. Qe6 Qxb5 32. Qe7+ Kg8 33. Qxb7
Nc3 34. Bf1 Qa4 35. Ra1 Qxd1 36. Rxd1 Nxd1 37. Qxb6 Kg7 38. Ba6 Re8 39. d6 Rad8
40. Bb7 Rb8 41. Qc7+ Kh8 42. d7 Kg7 43. Bc8 1-0

[Event "European Youth Chess Championship B12"]
[Site "Prague, Top Hotel Prague"]
[Date "2016.08.21"]
[Round "4.18"]
[White "Neumann, Filip"]
[Black "Morgunov, Marc"]
[Result "0-1"]
[WhiteElo "1812"]
[BlackElo "2078"]
[PlyCount "98"]
[EventDate "2016.08.18"]

1. e4 c5 2. Nf3 a6 3. c4 e6 4. Nc3 Qc7 5. g3 Nf6 6. Bg2 d6 7. O-O g6 8. d3 Bg7
9. Bf4 Nh5 10. Be3 O-O 11. Qd2 Re8 12. Rab1 Nc6 13. Rfc1 b6 14. d4 cxd4 15.
Nxd4 Ne5 16. b3 Bb7 17. h3 Rad8 18. Nf3 f5 19. Nxe5 dxe5 20. Qe2 f4 21. gxf4
exf4 22. Bd2 Qe5 23. Be1 Bf8 24. Rd1 Bc5 25. Rxd8 Rxd8 26. Rd1 Rd4 27. Na4 Ng3
28. Qb2 Nxe4 29. Nxc5 bxc5 30. Rxd4 Qxd4 31. Qxd4 cxd4 32. Bxe4 Bxe4 33. Kf1 e5
34. Ke2 g5 35. b4 Bf5 36. b5 axb5 37. cxb5 Bxh3 38. a4 Kf7 39. a5 Bd7 40. b6
Bb5+ 41. Kf3 Ba6 42. Kg4 Kg6 43. Bb4 h5+ 44. Kh3 Kf5 45. f3 g4+ 46. Kg2 gxf3+
47. Kxf3 e4+ 48. Kf2 e3+ 49. Kf3 d3 0-1